Khakam Badahan (Record no. 613195)
[ view plain ]
| 000 -LEADER | |
|---|---|
| fixed length control field | 00420nam a22001457a 4500 |
| 020 ## - INTERNATIONAL STANDARD BOOK NUMBER | |
| International Standard Book Number | 978-9694190177 |
| 082 ## - DEWEY DECIMAL CLASSIFICATION NUMBER | |
| Classification number | 891.43907 |
| Author Mark | MUS |
| 245 ## - TITLE STATEMENT | |
| Title | Khakam Badahan |
| Remainder of title | By: Mashtaq , Ahmed Yousafi |
| 260 ## - PUBLICATION, DISTRIBUTION, ETC. | |
| Place of publication, distribution, etc. | کراچی: |
| Name of publisher, distributor, etc. | پاکستان پبلشنگ ہاؤس, |
| Date of publication, distribution, etc. | 2019 |
| 300 ## - PHYSICAL DESCRIPTION | |
| Extent | 194p.; |
| 563 ## - BINDING INFORMATION | |
| Binding note | HB |
| 880 ## - ALTERNATE GRAPHIC REPRESENTATION | |
| Linkage | 100-01\r |
| Title | مشتاق احمد یوسفی |
| 880 ## - ALTERNATE GRAPHIC REPRESENTATION | |
| Linkage | 245-02\r |
| Title | خاکم بدہن |
| 942 ## - ADDED ENTRY ELEMENTS (KOHA) | |
| Source of classification or shelving scheme | |
| Koha item type | Book |
| Withdrawn status | Lost status | Source of classification or shelving scheme | Damaged status | Not for loan | Permanent Location | Current Location | Date acquired | Total Checkouts | Full call number | Barcode | Date last seen | Price effective from | Koha item type | Source of acquisition | Date last checked out |
|---|---|---|---|---|---|---|---|---|---|---|---|---|---|---|---|
| Central Library (CL) | Central Library (CL) | 03/04/2025 | 891.43907 MUS | SEECS008406 | 03/04/2025 | 03/04/2025 | Book | ||||||||
| Central Library (CL) | Central Library (CL) | 03/04/2025 | 1 | 891.43907 MUS | CL-D-2708 | 11/21/2025 | 03/04/2025 | Book | Donation | 11/05/2025 |
